000 00475nam a2200157Ia 4500
008 220216s9999 xx 000 0 und d
100 _aToroser D
245 0 _aRFLP mapping of quantitative trait loci controlling seed aliphatic glucosinolate content in oilseed rape (Brassica napus L.)
260 _bTheoretical and Applied Genetics
_c1995
300 _a802-808
650 _aRFLP
700 _aMithen R
700 _aOsborn T C
700 _aThormann C E
942 _cJS
999 _c67016
_d67016